000 00483cam a22002051 4500
001 ne 64002409
003 DLC
005 20260227111805.0
008 881028nuuuuuuuuxx a 000 0 arar
010 _ane 64002409
035 _a(OCoLC)23490681
040 _aDLC
_cMiU
_dDLC
042 _apremarc
050 0 0 _aPJ7816.A312
_bB3
100 1 _aBadawī, ʻAbduh.
245 0 0 _aBāqat nūr.
260 _a[n.p.
_cn.d.]
300 _a127 p.
_billus.
_c20 cm.
500 _aRomanized.
999 _c47433
_d47433